| 000 -LEADER | |
|---|---|
| fixed length control field | 00418nam a22001697a 4500 |
| 005 - DATE AND TIME OF LATEST TRANSACTION | |
| control field | 20180226123226.0 |
| 008 - FIXED-LENGTH DATA ELEMENTS--GENERAL INFORMATION | |
| fixed length control field | 160521b xxu||||| |||| 00| 0 eng d |
| 020 ## - INTERNATIONAL STANDARD BOOK NUMBER | |
| ISBN | 81-219-0298-3 |
| 041 ## - LANGUAGE CODE | |
| Language code of text/sound track or separate title | eng |
| 082 ## - DEWEY DECIMAL CLASSIFICATION NUMBER | |
| Item number | 4008 |
| Classification number | 330.954 |
| 100 ## - MAIN ENTRY--AUTHOR NAME | |
| Personal name | Ruddar Datt K.P.M. Sundharam |
| 245 ## - TITLE STATEMENT | |
| Title | Indian Economics |
| 260 ## - PUBLICATION, DISTRIBUTION, ETC. (IMPRINT) | |
| Place of publication | New Delhi |
| Name of publisher | Sultan Chand & Sons, |
| 300 ## - PHYSICAL DESCRIPTION | |
| Number of Pages | 984 |
| 650 ## - SUBJECT ADDED ENTRY--TOPICAL TERM | |
| Topical Term | Management |
| 942 ## - ADDED ENTRY ELEMENTS (KOHA) | |
| Koha item type | Books |
| Lost status | Damaged status | Collection code | Home library | Current library | Shelving location | Date acquired | Source of acquisition | Cost, normal purchase price | Full call number | Accession Number | Koha item type |
|---|---|---|---|---|---|---|---|---|---|---|---|
| MANAGEMENT | JRU Library | JRU Library | SHELF-58-E | 21/05/2016 | PURCHASE | 400.00 | 330.954 | 4008 | Books | ||
| MANAGEMENT | JRU Library | JRU Library | SHELF-58-E | 21/05/2016 | PURCHASE | 400.00 | 330.954 | 4009 | Books | ||
| MANAGEMENT | JRU Library | JRU Library | SHELF-58-D | 21/05/2016 | PURCHASE | 400.00 | 330.954 | 4010 | Books | ||
| JRU Library | SHELF-28-C | 21/05/2016 | 400.00 | 330.954 | 4011 | Books | |||||
| MANAGEMENT | JRU Library | JRU Library | SHELF-58-D | 21/05/2016 | PURCHASE | 400.00 | 330.954 | 4012 | Books | ||
| MANAGEMENT | JRU Library | JRU Library | SHELF-58-D | 21/05/2016 | PURCHASE | 400.00 | 330.954 | 4013 | Books | ||
| MANAGEMENT | JRU Library | JRU Library | SHELF-58-D | 21/05/2016 | PURCHASE | 400.00 | 330.954 | 4014 | Books | ||
| MANAGEMENT | JRU Library | JRU Library | SHELF-58-D | 21/05/2016 | PURCHASE | 400.00 | 330.954 | 4015 | Books | ||
| MANAGEMENT | JRU Library | JRU Library | SHELF-58-D | 21/05/2016 | PURCHASE | 400.00 | 330.954 | 4016 | Books | ||
| MANAGEMENT | JRU Library | JRU Library | SHELF-58-D | 21/05/2016 | PURCHASE | 400.00 | 330.954 | 4017 | Books | ||
| MANAGEMENT | JRU Library | JRU Library | SHELF-58-D | 21/05/2016 | PURCHASE | 400.00 | 330.954 | 4018 | Books | ||
| MANAGEMENT | JRU Library | JRU Library | SHELF-58-D | 21/05/2016 | PURCHASE | 400.00 | 330.954 | 4019 | Books |